Представление документа в формате MARC21

Поле Инд. ПП Название Значение
Тип записи a
Библиографический уровень
001 Контрольный номер 3bd8728af5be443185a1d9e7f4fa5690
005 Дата корректировки 20260119102420.2
020 c Цена, тираж 300-00
a ISBN 978-5-04-196379-8
040 b Код языка каталог. rus
e Правила каталог. PSBO
041 0_ a Код языка текста rus
084 a Индекс другой классификации/Индекс ББК 84(2=411.2)6
090 a Полочн. индекс 84(2=411.2)6
c Каталожный индекс 84(2=411.2)6
x Авторский знак Т 41
091 i Возрастная адресация (DOS) 16+
097 b Оператор Сунагатуллина
100 1_ a Автор Тимошенко Н. В.
q Полное имя Тимошенко Наталья Васильевна
245 10 a Заглавие Черная Дама
b Продолж. заглавия [16+]
260 a Место издания Москва
b Издательство Эксмо
c Дата издания 2025
300 a Объем 320 с.
440 _0 a Серия Секретное досье
500 a Примечание Цикл "Секретное досье. Новые страницы"
900 a Имя макрообъекта о1576396
901 t Тип документа m